000 02275cam a2200169 4500500
005 20260201113846.0
041 _afre
042 _adc
100 1 0 _aLantz, Pierre
_eauthor
245 0 0 _aTravail et multiactivité
260 _c2012.
500 _a27
520 _aRésuméCet article interroge la façon dont une pratique alternative de commercialisation des fruits et légumes bien connue des sciences sociales — les Associations pour le maintien d’une agriculture paysanne (AMAP) — s’est développée dans un espace géographique limité — l’extrême Sud-Est de la France. L’étude sur le temps long des appropriations différenciées de cette innovation sociale et commerciale par les agriculteurs, permet de mettre en évidence et d’expliquer son « itinéraire ». Ainsi, des premières AMAP (nommées comme telles) aux systèmes de paniers qui se développent aujourd’hui, la dimension non marchande de la transaction semble avoir disparu. Parmi les explications qui sont traitées ici, on trouve la diversification des profils sociologiques des agriculteurs qui commercialisent en AMAP, et les transformations des conditions de mise en marché des produits issus de l’agriculture biologique.
520 _aSome farmers against market ? The itinerary of an alternative marketing system for fruit and vegetableThis paper questions the way that an alternative practice for marketing fruit and vegetable, well-known by social sciences — Community Supported Agriculture (CSA) — has developed in a limited area — the extreme south-east of France. The long-term study of differentiated appropriations of this social and commercial innovation by farmers, allows us to enhance and explain its « itinerary ». From the first CSA (named in such a way) to baskets systems which develop today, the non-market dimension seems to have disappeared. Among the explanations which are treated here, we find the diversification of farmers’ sociological profiles, and the transformation of organic local products’ marketing conditions.
786 0 _nL'Homme & la Société | 183-184 | 1 | 2012-10-01 | p. 283-291 | 0018-4306
856 4 1 _uhttps://shs.cairn.info/revue-l-homme-et-la-societe-2012-1-page-283?lang=fr&redirect-ssocas=7080
999 _c1641649
_d1641649